Statistics for Countries that use the Euro

Click here to take the quiz!

General Stats

  • This quiz has been taken 64 times
    (28 since last reset)
  • The average score is 22 of 25

Answer Stats

Country% Correct
Austria
100%
Belgium
100%
Germany
100%
Italy
100%
Spain
100%
Andorra
96%
Estonia
96%
Malta
96%
Monaco
96%
San Marino
96%
the Netherlands
96%
Vatican City
96%
Latvia
92%
Luxembourg
92%
Portugal
92%
France
88%
Ireland
88%
Lithuania
88%
Slovenia
88%
Slovakia
85%
Greece
81%
Finland
77%
Montenegro
73%
Cyprus
69%
Kosovo
54%

Score Distribution

Percentile by Number Answered

Percent of People with Each Score

Your Score History

You have not taken this quiz since the last reset